Sports Quiz

Random Sports or Baseball Quiz

Boston Red Sox 25+ HR Season Quiz Stats

 Plays Quiz Updated Oct 1, 2018

Challenge
Share
Tweet
Embed
Score 0/121 Timer 10:00
27 Plays Today
HRs Player % Correct
31David Ortiz
98.6%
41David Ortiz
98.6%
47David Ortiz
98.6%
54David Ortiz
98.6%
35David Ortiz
98.6%
28David Ortiz
98.6%
32David Ortiz
98.6%
29David Ortiz
98.6%
30David Ortiz
98.6%
35David Ortiz
98.6%
37David Ortiz
98.6%
38David Ortiz
98.6%
31Ted Williams
93.3%
37Ted Williams
93.3%
38Ted Williams
93.3%
36Ted Williams
93.3%
32Ted Williams
93.3%
43Ted Williams
93.3%
28Ted Williams
93.3%
30Ted Williams
93.3%
29Ted Williams
93.3%
38Ted Williams
93.3%
29Ted Williams
93.3%
25Ted Williams
93.3%
28Ted Williams
93.3%
26Ted Williams
93.3%
41Manny Ramirez
92.5%
33Manny Ramirez
92.5%
37Manny Ramirez
92.5%
43Manny Ramirez
92.5%
45Manny Ramirez
92.5%
35Manny Ramirez
92.5%
30Hanley Ramirez
91.8%
44Carl Yastrzemski
86.7%
40Carl Yastrzemski
86.7%
40Carl Yastrzemski
86.7%
28Carl Yastrzemski
86.7%
32Mookie Betts
84.5%
43J.D. Martinez
81.3%
25Jim Rice
80.5%
39Jim Rice
80.5%
HRs Player % Correct
46Jim Rice
80.5%
39Jim Rice
80.5%
39Jim Rice
80.5%
28Jim Rice
80.5%
27Jim Rice
80.5%
30Nomar Garciaparra
73.3%
35Nomar Garciaparra
73.3%
27Nomar Garciaparra
73.3%
28Nomar Garciaparra
73.3%
29Mo Vaughn
73%
26Mo Vaughn
73%
39Mo Vaughn
73%
44Mo Vaughn
73%
35Mo Vaughn
73%
40Mo Vaughn
73%
31Mookie Betts
73%
41Jimmie Foxx
72%
50Jimmie Foxx
72%
36Jimmie Foxx
72%
35Jimmie Foxx
72%
36Jimmie Foxx
72%
26Carlton Fisk
66.4%
26Carlton Fisk
66.4%
32Dwight Evans
65.6%
32Dwight Evans
65.6%
29Dwight Evans
65.6%
26Dwight Evans
65.6%
34Dwight Evans
65.6%
25Jason Varitek
62.8%
39Fred Lynn
61.8%
29Babe Ruth
53.2%
32Jacoby Ellsbury
50.3%
36Jason Bay
47.4%
29Kevin Youkilis
45.9%
27Kevin Youkilis
45.9%
27Adrian Gonzalez
44.1%
36Tony Armas
44.1%
43Tony Armas
44.1%
25Reggie Smith
44%
30Reggie Smith
44%
27Trot Nixon
41.6%
HRs Player % Correct
28Trot Nixon
41.6%
27Bobby Doerr
38.2%
27Bobby Doerr
38.2%
26Jackie Bradley Jr.
38.1%
28Tony Conigliaro
38%
32Tony Conigliaro
38%
36Tony Conigliaro
38%
40Rico Petrocelli
37.5%
29Rico Petrocelli
37.5%
28Rico Petrocelli
37.5%
25Kevin Millar
37.4%
27George Scott
32.4%
33George Scott
32.4%
28Adrian Beltre
31.6%
31Don Baylor
29.8%
28Jose Canseco
26.4%
30Butch Hobson
25.8%
28Butch Hobson
25.8%
27John Valentin
24.9%
34Carl Everett
24.8%
28Jack Clark
22.6%
28Troy O'Leary
22.2%
29Vern Stephens
22%
39Vern Stephens
22%
30Vern Stephens
22%
35Jackie Jensen
20.9%
28Jackie Jensen
20.9%
25Jackie Jensen
20.9%
26Jackie Jensen
20.9%
42Dick Stuart
18.4%
33Dick Stuart
18.4%
25Tony Perez
18%
30Nick Esasky
17.8%
35Ken Harrelson
17.6%
34Walt Dropo
15.5%
25Jarrod Saltalamacchia
15.4%
27Mike Easler
10.3%
30Felix Mantilla
7.9%
27Norm Zauchin
4.3%

You're not logged in!

Compare scores with friends on all Sporcle quizzes.
OR
Log In

You Might Also Like...

Show Comments

Extras

Top Quizzes Today


Score Distribution

Your Account Isn't Verified!

In order to create a playlist on Sporcle, you need to verify the email address you used during registration. Go to your Sporcle Settings to finish the process.

Report this User

Report this user for behavior that violates our Community Guidelines.

Details: